| 000 | 00592nam a2200193Ia 4500 | ||
|---|---|---|---|
| 005 | 20250508162018.0 | ||
| 008 | 008 250505s9999 xx 000 0 eng d | ||
| 037 | _aBooks to be hide in OPAC | ||
| 040 |
_aFEDL _beng _cFEDL |
||
| 041 |
_aeng _2eng |
||
| 084 |
_a374, PAT/O _qFEDL |
||
| 100 | _aPatel V | ||
| 245 | 0 | _aLifelong education and community learning : Three case studies in India | |
| 260 |
_aHamburg _bUNESCO Institute for Education _c1978 |
||
| 300 | _a46p. | ||
| 700 |
_a Shukla N N Vliet W Van _9772044 |
||
| 942 |
_cHB _h374, PAT/O |
||
| 999 |
_c1373817 _d1373817 |
||